| 000 | 01162nam a22003857a 4500 | ||
|---|---|---|---|
| 001 | BR7310135 | ||
| 003 | BR-BrBNA | ||
| 005 | 20230928084151.0 | ||
| 007 | ta | ||
| 008 | 230509b bl.||||| |||| 00| 0 por d | ||
| 040 |
_aBR-BrBNA _bpor _cBiblioteca Nacional de Agricultura |
||
| 041 | _a(Por) | ||
| 072 |
_aE30; E15; E70 _b0300 _b0336 _b9500 _b/G514 |
||
| 090 | _ 0300 BR7310135 | ||
| 110 | 1 |
_aCompanhia de Desenvolvimento do Estado de Goias, Goiania (Brasil) _92350 |
|
| 245 | 1 |
_aProjeto de fabrica para industrializacao de oleaginosas [Soja; Glycine max; Oleo vegetal; Goias; Brasil] _bConsorcio - Italconsult-Latinoconsult Brasileira |
|
| 260 | 3 |
_aGoiania, GO (Brasil): _c1973. |
|
| 300 | _a135 p. | ||
| 500 | _a42 tables; 10 graphs | ||
| 650 | _aProjeto de desenvolvimento | ||
| 650 | _aMicroeconomia | ||
| 650 | _aComercializacao | ||
| 650 | _aPlanta oleaginosa | ||
| 650 | _aOleo vegetal | ||
| 650 | _aSoja | ||
| 650 | _aIndustrializacao | ||
| 650 | _aFabrica | ||
| 650 | _aCusto | ||
| 650 | _aInvestimento | ||
| 650 | _aConsumo | ||
| 650 | _aMercado | ||
| 650 | _aGoias | ||
| 909 |
_a202309 _bLucia _c55 _dLucia Elande |
||
| 942 | _cBK | ||
| 999 |
_c17252 _d17252 |
||